New headway English course : pre - intermediate : workbook with key /

সংরক্ষণ করুন:
গ্রন্থ-পঞ্জীর বিবরন
প্রধান লেখক: Soars, John.
অন্যান্য লেখক: Soars, Liz.
বিন্যাস: Sách giấy
ভাষা:English
প্রকাশিত: Oxford : Oxford University Press , 2000.
বিষয়গুলি:
ট্যাগগুলো: ট্যাগ যুক্ত করুন
কোনো ট্যাগ নেই, প্রথমজন হিসাবে ট্যাগ করুন!
Thư viện lưu trữ: Thư viện Trường Đại học Đà Lạt
LEADER 00775nam a2200301 4500
001 DLU110120649
005 ##20110505
040 # # |a DLU  |b vie 
041 # # |a eng 
044 # # |a vn 
082 # # |a 428  |b SO-J 
100 # # |a Soars, John. 
245 # # |a New headway English course :  |b pre - intermediate : workbook with key /  |c John Soars, Liz Soars. 
260 # # |a Oxford :  |b Oxford University Press ,  |c 2000. 
300 # # |a 96 p. :  |b ill ;  |c 28 cm. 
650 # # |a English language  |x Textbooks for foreign speakers. 
700 # # |a Soars, Liz. 
923 # # |a 01/2011NN 
991 # # |a GT 
992 # # |a 31000 
994 # # |a KNN 
900 # # |a True 
911 # # |a Nguyễn Thanh Hương 
925 # # |a G 
926 # # |a A 
927 # # |a SH 
980 # # |a Thư viện Trường Đại học Đà Lạt